Les villes en guerre : (1914-1945) (notice n° 2163651)
[ vue normale ]
| 000 -LEADER | |
|---|---|
| fixed length control field | 01555cam a2200145 4500500 |
| 005 - DATE AND TIME OF LATEST TRANSACTION | |
| control field | 20260405040625.0 |
| 041 ## - LANGUAGE CODE | |
| Language code of text/sound track or separate title | fre |
| 042 ## - AUTHENTICATION CODE | |
| Authentication code | dc |
| 100 10 - MAIN ENTRY--PERSONAL NAME | |
| Personal name | Chassaigne, Philippe |
| Relator term | author |
| 245 00 - TITLE STATEMENT | |
| Title | Les villes en guerre : (1914-1945) |
| 260 ## - PUBLICATION, DISTRIBUTION, ETC. | |
| Name of publisher, distributor, etc. | Armand Colin,<br/> |
| Date of publication, distribution, etc. | 2004.<br/> |
| 520 ## - SUMMARY, ETC. | |
| Summary, etc. | Hiroshima, Verdun, Reims, Ypres, Guernica, Londres, Stalingrad, Hambourg, Madrid… Si, depuis qu’il existe des villes, leur conquête a été un des objets habituels de la guerre, l’une des transformations majeures des conflits modernes se lit dans le fait que, qu’il s’agisse de la guerre « classique » ou de la guerre civile, les populations urbaines sont devenues l’enjeu même des combats, les victimes désignées des stratégies d’anéantissement du moral et de la volonté de combattre de l’adversaire.Pourtant, la bataille n’est pas toute la guerre et les villes ont inégalement subi le temps des épreuves. Cet ouvrage, qui rassemble les communications présentées lors d’un colloque organisé par le Centre d’histoire de la ville (CEHVI), de l’Université de Tours, s’interroge sur les manières dont guerre et fait militaire irriguent l’espace urbain et sur les rapports entre guerre et identités urbaines.Les quelque 30 contributions ici rassemblées illustrent la richesse et le renouvellement d’une historiographie touchant à un grand thème de l’histoire. |
| 700 10 - ADDED ENTRY--PERSONAL NAME | |
| Personal name | Largeaud, Jean-Marc |
| Relator term | author |
| 856 41 - ELECTRONIC LOCATION AND ACCESS | |
| Uniform Resource Identifier | <a href="https://shs.cairn.info/les-villes-en-guerre--9782200266790?lang=fr&redirect-ssocas=7080">https://shs.cairn.info/les-villes-en-guerre--9782200266790?lang=fr&redirect-ssocas=7080</a> |
Pas d'exemplaire disponible.




Réseaux sociaux